000 00236nam a2200097Ia 4500
082 _aJ 796.342 WAY
245 0 _aTennis
100 _a WAY, Edward London, 2009
_995502
942 _cBK
008 210817s9999 xx 000 0 und d
999 _c396421
_d396420